Normal view MARC view

Entry Personal Name

Number of records used in: 2

001 - CONTROL NUMBER

  • control field: 8956

003 - CONTROL NUMBER IDENTIFIER

  • control field: DLC

005 - DATE AND TIME OF LATEST TRANSACTION

  • control field: 20220103133319.0

008 - FIXED-LENGTH DATA ELEMENTS

  • fixed length control field: 900926n| acannaab| |n aaa ||| b

010 ## - LIBRARY OF CONGRESS CONTROL NUMBER

  • LC control number: n 89140743

040 ## - CATALOGING SOURCE

  • Original cataloging agency: DNLM
  • Transcribing agency: DLC
  • Modifying agency: DLC

100 10 - HEADING--PERSONAL NAME

  • Personal name: James, Stuart H.

670 ## - SOURCE DATA FOUND

  • Source citation: Eckert, W.G. Interpretation of bloodstain evidence at crime scenes, c1989:
  • Information found: t.p. (Stuart H. James, dir. of forensic labs., Peter Vallas Assoc., Inc., Fort Lauderdale, Fla.; Hackensack, N.J.)

Powered by Koha